Fate/Grand Order Servants with the Stay Night Servant Trait - Statistics

General Stats
  • This quiz has been taken 8 times
  • The average score is 8 of 10
Answer Stats
Answer % Correct
EMIYA
100%
Gilgamesh
100%
Heracles
100%
Medea
100%
Medusa
100%
Artoria Pendragon
86%
Cu Chulainn
71%
Sasaki Kojiro
71%
Hassan of the Cursed Arm
57%
Artoria Pendragon Alter
43%
No matching quizzes found
Score Distribution
Percent of People with Each Score
Percentile by Number Answered
Your Score History
You have not taken this quiz